000 006400000a22002170004500
999 _c48961
_d48961
001 1805
003 CO-MdFUSB
005 20171025165501.0
008 171025b xxu||||| |||| 00| 0 eng d
020 _a958-704-032-5
040 _cCO-MdBIC
082 0 4 _a868C W462m
100 1 _aBernal, Ricardo
245 1 0 _aLos mejores relatos de ciencia ficción : antología / selección y prólogo de Ricardo Bernal
250 _a8a ed.
260 _aBogotá : Alfaguara
300 _a195 P.
500 _aIncluye pequeña biografía de los autores al final del texto
650 1 4 _aNovelas de ciencia ficción -- Colecciones
942 _cLGB